000
00396nam a2200145Ia 4500
008
230917s9999||||xx |||||||||||||| ||und||
040
_e
169679
_a
MAIN
041
_a
English
082
_a
891.432741 SS64N
100
_a
हरसरन सिंह
245
0
_a
निजाम सक्का
260
_a
दिल्ली
_b
विवेक
_c
1979
300
_a
87 पृ. p.
942
_c
HN
999
_c
199040
_d
199040